[Event "Olympiad Women 2024"]
[Site "Budapest HUN"]
[Date "2024.09.15"]
[Round "5.43"]
[Board "2"]
[White "Azhar, Puteri Munajjah Az-Zahraa"]
[Black "Khan, Anastasia"]
[Result "1-0"]
[WhiteElo "2014"]
[BlackElo "1859"]
[PlyCount "101"]
[EventDate "2024.09.11"]
[WhiteTeam "Malaysia"]
[BlackTeam "South Korea"]
[WhiteTeamCountry "MAS"]

1. Nf3 e6 2. c4 Nf6 3. b3 d5 4. e3 c5 5. Bb2 Nc6 6. cxd5 exd5 7. g3 ({RR} 7. Nc3 Bd6 8. Rc1 O-O 9. Na4 b6 10. d4 Ne4 11. dxc5 Bxc5 12. Bb5 Ne7 13. O-O Bg4 14. h3 Bh5 15. Be2 Rc8 16. Nd2 Bxe2 17. Qxe2 Nxd2 18. Qxd2 Bd6 19. Qd4 Nf5 20. Rxc8 Qxc8 21. Qxd5 Rd8 {1-0 Mamedyarov,S (2801)-Aronian,L (2767) Saint Louis Blitz 2018 (12)}) 7... Be7 ({RR} 7... d4 8. Bg2 Be7 9. O-O O-O 10. Na3 Bf5 11. exd4 cxd4 12. Re1 Rc8 13. Ne5 Re8 14. Nxc6 bxc6 15. Nc4 Nd5 16. Qf3 Bg6 17. Bxd4 Nb4 18. Qc3 Bf8 19. Rxe8 Qxe8 20. Be3 Qe6 21. a3 Nd5 22. Qa5 {1-0 Bartel,M (2657)-Kiolbasa,O (2386) chess.com Speed Poland 2024 (1.1)}) 8. Bg2 Bf5 $146 ({RR} 8... O-O 9. O-O Bf5 10. a3 d4 11. exd4 cxd4 12. d3 Qb6 13. Nh4 Bg4 14. f3 Be6 15. Nd2 g5 16. Nc4 Qd8 17. f4 gxh4 18. gxh4 Bg4 19. Qe1 Nh5 20. Ne5 Bxh4 21. Qd2 Nxe5 22. fxe5 Bg5 23. Qe1 {0-1 Szemes,T (1873)-Fekete,K (2131) HUN-chT2 Asztalos 0809 2008 (9)}) 9. O-O Nb4 10. Na3 O-O 11. Ne5 h6 12. f4 Qc8 13. Bf3 Nd7 14. Nb5 a6 15. Nc3 Nxe5 16. fxe5 Rd8 17. a3 Nd3 18. Nxd5 Bf8 19. Bc3 Qb8 20. Qc2 Bg6 21. Nb6 Ra7 22. Ba5 Nxe5 23. Be4 Bxe4 24. Qxe4 Nc6 25. Bc3 Qc7 26. Nd5 Qd7 27. Nf4 Re8 28. Qf3 b5 29. Rf2 Ne5 30. Qh5 Nd3 31. Rff1 Qd6 32. Qf5 Nxf4 33. Rxf4 Qe6 34. Qxe6 Rxe6 35. Rf5 Rd7 36. Kf2 g6 37. Rf3 b4 38. axb4 cxb4 39. Bd4 Bg7 40. Bxg7 Kxg7 41. Ke2 Rd5 42. Rf4 a5 43. Rc4 Rh5 44. h4 Rb5 45. d4 f5 46. Rc5 Reb6 47. Rxa5 Rxa5 48. Rxa5 Kf6 49. Kd3 g5 50. hxg5+ Kxg5 51. e4 1-0

[Event "Olympiad Women 2024"]
[Site "Budapest HUN"]
[Date "2024.09.15"]
[Round "5.43"]
[Board "3"]
[White "Kang, Sohyun"]
[Black "Azhar, Puteri Rifqah Fahada"]
[Result "1/2-1/2"]
[WhiteElo "1726"]
[BlackElo "1947"]
[PlyCount "69"]
[EventDate "2024.09.11"]
[WhiteTeam "South Korea"]
[BlackTeam "Malaysia"]
[BlackTeamCountry "MAS"]

1. e4 c5 2. Nc3 a6 3. g3 b5 4. Bg2 Bb7 5. d3 e6 6. f4 b4 7. Nce2 Nf6 ({RR} 7... f5 8. Nf3 fxe4 9. Ng5 h6 10. Nxe4 d5 11. Nf2 Nf6 12. O-O Nbd7 13. c3 bxc3 14. bxc3 Bd6 15. Bh3 Kf7 16. d4 c4 17. Kh1 Qa5 18. Qc2 Rhe8 19. Ng1 Kg8 20. Nf3 Ne4 21. Nxe4 dxe4 22. Ne5 {0-1 Tairova,E (2415)-Nepomniachtchi,I (2545) Moscow RGSU-A 2006 (4)}) ({RR} 7... d5 8. e5 Ne7 9. Nh3 Nf5 10. O-O h5 11. c3 Nc6 12. a3 a5 13. Bd2 Be7 14. Qa4 O-O 15. Bf3 Qb6 16. Bxh5 c4+ 17. d4 b3 18. g4 Nh4 19. f5 Nxe5 20. Nef4 Bc6 21. fxe6 Bxa4 22. Nxd5 {0-1 Miller,A (1716)-Meza,A (2040) 7th Marcel Duchamp Cup 2024 (3.23)}) 8. c3 $146 ({RR} 8. Nf3 Be7 9. O-O O-O 10. h3 d6 11. g4 Nfd7 12. Ng3 Nc6 13. Be3 Re8 14. Qd2 Bf6 15. Rab1 g6 16. g5 Bg7 17. h4 a5 18. h5 Nd4 19. Nh4 Nf8 20. c3 Nb5 21. Kh2 Qe7 22. c4 Nd4 {0-1 Univio Sanchez,G (2054)-Torres,J (2339) Bogota McGregor op 4th 2013 (5)}) ({RR} 8. Nf3 d5 9. e5 Nfd7 10. c3 Be7 11. d4 O-O 12. O-O Nc6 13. Be3 a5 14. g4 Ba6 15. Rf2 Bxe2 16. Qxe2 bxc3 17. bxc3 cxd4 18. cxd4 Rb8 19. f5 Nb6 20. Raf1 Nc4 21. Bc1 Rb1 22. f6 gxf6 {0-1 Steil Antoni,F (2189)-Wesolowska,H (1744) Titled Tuesday intern op 12th Apr Early blitz 2022 (4)}) 8... Be7 9. Nh3 Qb6 10. Qc2 d6 11. Bf3 Nc6 12. Be3 Rc8 13. Qd1 O-O 14. g4 Rfd8 15. O-O Qb5 16. g5 Ne8 17. Bg4 Rc7 18. Ng3 Bc8 19. Rc1 Qb7 20. d4 cxd4 21. cxd4 d5 22. e5 g6 23. Qa4 Bd7 24. Qd1 Rdc8 25. b3 Na7 26. Rxc7 Rxc7 27. Qd2 Nb5 28. Be2 Qc8 29. Bd3 Nc3 30. Qb2 Bb5 31. Nf2 Rc6 32. h4 Bxd3 33. Nxd3 Nb5 34. Rf2 Rc3 35. Qe2 1/2-1/2

[Event "Olympiad Women 2024"]
[Site "Budapest HUN"]
[Date "2024.09.15"]
[Round "5.43"]
[Board "4"]
[White "Nithyalakshmi, Sivanesan"]
[Black "Kim, Sarang"]
[Result "1-0"]
[WhiteElo "1912"]
[BlackElo "1732"]
[PlyCount "75"]
[EventDate "2024.09.11"]
[WhiteTeam "Malaysia"]
[BlackTeam "South Korea"]
[WhiteTeamCountry "MAS"]

1. e4 e6 2. d4 d5 3. e5 c5 4. c3 Ne7 5. Nf3 Nec6 6. Bd3 cxd4 ({RR} 6... Be7 7. O-O b6 8. Qe2 a5 9. Na3 Ba6 10. Nb5 c4 11. Bxc4 dxc4 12. Nd6+ Bxd6 13. exd6 Qxd6 14. d5 Qxd5 15. Bf4 O-O 16. Rad1 Qf5 17. Bd6 Re8 18. Nd4 Nxd4 19. Rxd4 Bb7 20. Rfd1 e5 21. f4 {0-1 Gavrilescu,D (2523)-Kovalenko,I (2674) Chessable Masters Play-In 2024 (9)}) ({RR} 6... Be7 7. O-O b6 8. Nbd2 a5 9. Re1 Ba6 10. Bxa6 Nxa6 11. Nf1 Qc7 12. Be3 c4 13. b3 b5 14. a4 b4 15. bxc4 dxc4 16. d5 exd5 17. Qxd5 bxc3 18. e6 O-O 19. exf7+ Rxf7 20. Qxc4 Ncb4 21. Qb3 {1-0 Tuncer,T (2328)-Martinez,S (1869) Titled Tue 9th Jan Early 2024 (7)}) 7. O-O $146 ({RR} 7. cxd4 Nb4 8. Be2 Nd7 9. O-O Be7 10. Nc3 O-O 11. a3 Nc6 12. b4 f6 13. exf6 Bxf6 14. Ra2 Kh8 15. Be3 a6 16. Bd3 e5 17. dxe5 Ndxe5 18. Nxe5 Nxe5 19. Be2 Nc4 20. Nxd5 Nxe3 21. Nxe3 Be6 {1-0 Parkanyi,A (2390)-Sulyok,S (2305) HUN-chT2 9899 1998}) ({RR} 7. cxd4 Qb6 8. O-O Nb4 9. Be2 Nd7 10. Nc3 Be7 11. a3 Nc6 12. b4 O-O 13. Bd3 f6 14. exf6 Bxf6 15. Bb2 Nxd4 16. Na4 Nxf3+ 17. Qxf3 Qd6 18. Qh5 h6 19. Qg6 Ne5 20. Bxe5 Bxe5 21. Qh7+ Kf7 {0-1 Tsouvelekis,I-Lakat,G (1976) Budapest FS12 FM-B 2003 (4)}) 7... dxc3 8. Nxc3 Be7 9. a3 a6 10. Re1 O-O 11. Qc2 h6 12. Bf4 f5 13. exf6 Bxf6 14. Bh7+ Kh8 15. Bg3 Nd4 16. Nxd4 Bxd4 17. Ne2 Bxb2 18. Ra2 Bf6 19. Bc7 Qe8 20. Nf4 Rf7 21. Bd6 g5 22. Nxd5 Bd4 23. Qd3 Nc6 24. Bg6 e5 25. Nc7 Qd7 26. Nxa8 Qxd6 27. Nb6 Be6 28. Rd2 Rf6 29. Na4 b5 30. Nb2 Qc5 31. Nd1 Bg4 32. Qc2 Rxf2 33. Nxf2 Qb6 34. Be4 Na5 35. Kh1 Nc4 36. Rxd4 Qxd4 37. Nxg4 Nd6 38. Nxh6 1-0

[Event "Olympiad Women 2024"]
[Site "Budapest HUN"]
[Date "2024.09.15"]
[Round "5.44"]
[Board "1"]
[White "Nassr, Lina"]
[Black "Viana, Valeria"]
[Result "0-1"]
[WhiteElo "2010"]
[BlackElo "1882"]
[PlyCount "76"]
[EventDate "2024.09.11"]
[WhiteTeam "Algeria"]
[BlackTeam "Honduras"]
[WhiteTeamCountry "ALG"]
[BlackTeamCountry "HON"]

1. d4 Nf6 2. Nf3 d5 3. e3 e6 4. Bd3 c5 5. b3 Nc6 6. Bb2 Bd6 7. dxc5 Bxc5 8. Nbd2 ({RR} 8. a3 O-O 9. Nbd2 a5 10. O-O Bd7 11. c4 Qe7 12. Qc2 h6 13. Bxf6 gxf6 14. cxd5 exd5 15. Bf5 Be6 16. Bxe6 fxe6 17. Rfd1 Rac8 18. Nf1 Bd6 19. Qd3 Qh7 20. Qb5 Qe7 21. Qd3 Qh7 22. Qxh7+ Kxh7 {½-½ Dominguez Perez,L (2763)-Abdusattorov,N (2608) Chess24 Banter Blitz Cup 2019 (2.9)}) ({RR} 8. a3 b6 9. O-O Bb7 10. Nbd2 O-O 11. b4 Bd6 12. c4 dxc4 13. Nxc4 Be7 14. Qc2 h6 15. Rfd1 Qc8 16. Rac1 b5 17. Ncd2 a6 18. Ne4 Nd5 19. Nc5 Bxc5 20. Qxc5 Nde7 21. Ne5 Rd8 22. Nf3 Rd5 {1-0 Nassr,L (2080)-Banda Natalie Katlo (1772) 13th African Mixed Rapid 2024 (1.4)}) 8... O-O 9. O-O b6 10. a3 a5 $146 ({RR} 10... Bb7 11. Ng5 e5 12. c4 h6 13. Nh3 Qd7 14. b4 Bd6 15. f4 Rfe8 16. e4 dxc4 17. Nxc4 Bc7 18. fxe5 Nxe5 19. Nxe5 Bxe5 20. Bxe5 Rxe5 21. Qb3 Bxe4 22. Bc4 b5 23. Rad1 bxc4 24. Qxc4 Qg4 25. Rd2 {0-1 Sheli,N-Ignacz,M Wch U12 Girls 2001 (10)}) ({RR} 10... Bb7 11. Qe2 Re8 12. b4 Bf8 13. e4 e5 14. Rfd1 Qe7 15. b5 Nd4 16. Nxd4 exd4 17. e5 Qxe5 18. Qxe5 Rxe5 19. Bxd4 Ree8 20. a4 Ne4 21. Nxe4 dxe4 22. Be2 Rac8 23. c4 Bc5 24. a5 e3 25. f3 {1-0 Shengelia,D (2544)-Horvath,D (2446) AUT-ch Vor4 Internet blitz 2020 (7)}) 11. c4 dxc4 12. Nxc4 Bb7 13. Qc2 h6 14. Rfd1 Qe7 15. Nd4 Rac8 16. Qe2 Rfd8 17. Nb5 e5 18. Bf5 Ra8 19. Rac1 Rxd1+ 20. Rxd1 Bc8 21. Bc2 Bg4 22. f3 Bh5 23. Ncd6 Rd8 24. Nf5 Rxd1+ 25. Qxd1 Qf8 26. Qd2 Bg6 27. Kh1 Qc8 28. e4 Bxf5 29. exf5 Nd4 30. Bxd4 exd4 31. h3 Qe8 32. a4 Qe5 33. Bd3 Nd5 34. Be4 Nb4 35. Qd1 d3 36. Bxd3 Nxd3 37. Qxd3 Qe1+ 38. Kh2 Bg1+ 0-1

[Event "Olympiad Women 2024"]
[Site "Budapest HUN"]
[Date "2024.09.15"]
[Round "5.44"]
[Board "2"]
[White "Torres Hernandez, Leslie Carolin"]
[Black "Latreche, Sabrina"]
[Result "0-1"]
[WhiteElo "1891"]
[BlackElo "2030"]
[PlyCount "52"]
[EventDate "2024.09.11"]
[WhiteTeam "Honduras"]
[BlackTeam "Algeria"]
[WhiteTeamCountry "HON"]
[BlackTeamCountry "ALG"]

1. e4 e5 2. Nf3 Nc6 3. Bb5 Nge7 4. c3 Ng6 5. O-O d6 6. d4 Bd7 7. Be3 Be7 8. Nbd2 O-O 9. Bc4 ({RR} 9. a4 Kh8 10. h3 a6 11. Bd3 exd4 12. Nxd4 Nxd4 13. cxd4 f5 14. exf5 Bxf5 15. Bxf5 Rxf5 16. Qb3 Rb8 17. Rac1 c6 18. Nc4 d5 19. Ne5 Bd6 20. Qd3 Qc8 21. f4 Rf6 22. Rf2 Qc7 23. Qe2 Rbf8 {1-0 Efimenko,Z (2572)-Roussel Roozmon,T (2451) Montreal-A 5th 2004 (5)}) ({RR} 9. a4 a6 10. Bc4 Kh8 11. dxe5 Ncxe5 12. Nxe5 Nxe5 13. Be2 f5 14. exf5 Bxf5 15. Nc4 Nxc4 16. Bxc4 c6 17. Bd3 Qd7 18. Qc2 d5 19. Rad1 b5 20. Rfe1 Bd6 21. Bd4 Kg8 22. Bxf5 Rxf5 23. axb5 axb5 {0-1 Velikov,N (1919)-Dvalishvili,P (2383) Paracin Prestige Open 2024 (2.15)}) 9... Kh8 10. b4 $146 ({RR} 10. dxe5 Ncxe5 11. Nxe5 Nxe5 12. Be2 f5 13. exf5 Bxf5 14. Nb3 c5 15. f4 Nc6 16. Bf3 Bf6 17. Qd2 a5 18. a4 Qb6 19. Nc1 Rad8 20. Nd3 Rfe8 21. Bf2 Qa6 22. Rfd1 Qc4 23. Ne1 Qf7 24. Bd5 Qh5 {½-½ Bryzgalin,K (2396)-Malysheva,P (2104) Petrov Memorial op 2002 (2)}) ({RR} 10. d5 Nb8 11. Bd3 f5 12. exf5 Bxf5 13. Bxf5 Rxf5 14. Ne4 Nd7 15. b3 Nc5 16. Qc2 Nxe4 17. Qxe4 Qf8 18. Kh1 Qf7 19. Ng1 h5 20. g3 Bg5 21. Bxg5 Rxg5 22. Rad1 Rf5 23. h4 Rf8 24. Nh3 Qf6 {1-0 Guisande,F (1909)-Garcia,A (1832) Montevideo Trebejos Autumn op 2017 (4)}) 10... f5 11. exf5 Bxf5 12. Qb3 a5 13. a3 e4 14. Ne1 axb4 15. cxb4 Bf6 16. Nc2 Qe7 17. Rad1 Nd8 18. Rfe1 c6 19. Nf1 d5 20. Be2 Nh4 21. Ng3 Qd7 22. Bf1 Bg4 23. Be2 Bh3 24. Bf1 Bg4 25. Be2 Bf3 26. gxf3 Qh3 0-1

[Event "Olympiad Women 2024"]
[Site "Budapest HUN"]
[Date "2024.09.15"]
[Round "5.44"]
[Board "3"]
[White "Nassr, Rania"]
[Black "Cruz, Bitia"]
[Result "1/2-1/2"]
[WhiteElo "1866"]
[BlackElo "1736"]
[PlyCount "64"]
[EventDate "2024.09.11"]
[WhiteTeam "Algeria"]
[BlackTeam "Honduras"]
[WhiteTeamCountry "ALG"]
[BlackTeamCountry "HON"]

1. d4 d5 2. Nf3 Nf6 3. g3 e6 4. Bg2 c5 5. e3 Nbd7 6. O-O Be7 ({RR} 6... Bd6 7. b3 b6 8. Bb2 Ba6 9. Re1 Rc8 10. Ne5 Qc7 11. Nxd7 Qxd7 12. a4 cxd4 13. exd4 h5 14. Ba3 h4 15. Bxd6 Qxd6 16. Na3 hxg3 17. hxg3 Rc3 18. Qd2 Qc7 19. Re3 Ne4 20. Bxe4 Rxe3 21. Qxe3 {1-0 Begic,K (1877)-Szczotka,K (2020) World Youth Girls U16 2023 (7.9)}) 7. b3 ({RR} 7. Nbd2 O-O 8. c4 cxd4 9. Nxd4 Nb6 10. cxd5 Nbxd5 11. Nc4 Qc7 12. b3 Bd7 13. a4 a6 14. e4 Nb4 15. Bf4 Qd8 16. Qd2 Bc6 17. Nxc6 Nxc6 18. Qe3 Qd4 19. Rfd1 Qxe3 20. Bxe3 Rfd8 21. Bb6 Rd7 {1-0 Rosic,S (2237)-Andrijevic,M (2377) Vojvodina-chT 2009 (2)}) 7... b5 8. dxc5 $146 ({RR} 8. c4 bxc4 9. bxc4 Ba6 10. Ne5 Nxe5 11. dxe5 Bxc4 12. Bb2 Nd7 13. Qg4 O-O 14. Rd1 Qb6 15. Na3 Qxb2 16. Nxc4 dxc4 17. Bxa8 Rxa8 18. Rab1 Qc2 19. Rbc1 Qa4 20. Rxc4 Qc6 21. f4 Nb6 22. Rc2 Nd5 {0-1 Kindl,P-Eisele,S Wuerttemberg-ch  1983 (3)}) ({RR} 8. c4 bxc4 9. bxc4 Rb8 10. cxd5 Nxd5 11. e4 N5b6 12. Bf4 Ra8 13. d5 exd5 14. exd5 O-O 15. Ne5 Nxe5 16. Bxe5 Bb7 17. d6 Bxg2 18. dxe7 Qxe7 19. Re1 Qb7 20. Qg4 f6 21. Bd6 Rfe8 22. Nd2 Bd5 {0-1 Mazur,B (1603)-Gawiec,K (1817) POL-chT U19 1st League 2010 (9)}) 8... Nxc5 9. Bb2 O-O 10. Ne5 Qc7 11. Nd2 Bb7 12. Rc1 Bd6 13. Ndf3 Qa5 14. Bd4 Nce4 15. c4 bxc4 16. bxc4 Rfd8 17. Rc2 Rac8 18. cxd5 Bxd5 19. Qe2 Nc3 20. Bxc3 Rxc3 21. Rfc1 Rxc2 22. Rxc2 Bxe5 23. Nxe5 Bxg2 24. Nc4 Qd5 25. Rd2 Qa8 26. Rxd8+ Qxd8 27. Kxg2 Qd5+ 28. f3 Nd7 29. e4 Qc5 30. Ne3 f6 31. Kf2 Nb6 32. Qd3 Kf7 1/2-1/2

[Event "Olympiad Women 2024"]
[Site "Budapest HUN"]
[Date "2024.09.15"]
[Round "5.44"]
[Board "4"]
[White "Maradiaga, Cesia"]
[Black "Djerroud, Chahrazed"]
[Result "0-1"]
[WhiteElo "1675"]
[BlackElo "1910"]
[PlyCount "54"]
[EventDate "2024.09.11"]
[WhiteTeam "Honduras"]
[BlackTeam "Algeria"]
[WhiteTeamCountry "HON"]
[BlackTeamCountry "ALG"]

1. Nf3 Nf6 2. c4 g6 3. Nc3 Bg7 4. d4 d6 5. e3 O-O 6. Bd3 Nbd7 7. O-O e5 8. Re1 Re8 9. Qc2 Qe7 10. dxe5 dxe5 11. e4 c6 12. Be3 $146 ({RR} 12. b3 Nh5 13. Ne2 Nc5 14. Ba3 Bf8 15. Qc3 a5 16. Bb2 Bg4 17. Bc2 Qc7 18. Rad1 b5 19. cxb5 cxb5 20. Nxe5 b4 21. Qd4 Bg7 22. Qd6 Qxd6 23. Rxd6 Bxe5 24. Bxe5 Rxe5 25. f3 Bd7 26. Red1 Be8 {½-½ Wuerfel,C-Hertweck,M Verbandsliga Nord Baden 1997 (1.7)}) ({RR} 12. Bg5 Nc5 13. Be2 Ne6 14. Rad1 h6 15. Bc1 Nh5 16. Be3 Nef4 17. h3 Qf6 18. Kh2 Nxe2 19. Nxe2 Qe7 20. g4 Nf6 21. c5 h5 22. g5 Nh7 23. Rd6 Be6 24. b3 f6 25. h4 f5 26. Bc1 Qf7 {1-0 Simovic,Z (1951)-Popovic,M (2186) Novi Sad Winter op 2014 (1)}) 12... Nc5 13. Bf1 a5 14. Rad1 Bg4 15. Be2 Rad8 16. a3 Nfd7 17. b4 axb4 18. axb4 Ne6 19. b5 Bxf3 20. Bxf3 Nd4 21. Bxd4 exd4 22. Ne2 Ne5 23. Qb3 Nxf3+ 24. Qxf3 Qxe4 25. Ng3 Qxe1+ 26. Rxe1 Rxe1+ 27. Nf1 d3 0-1

[Event "Olympiad Women 2024"]
[Site "Budapest HUN"]
[Date "2024.09.15"]
[Round "5.45"]
[Board "1"]
[White "Ravelomanana, Sabine"]
[Black "Ptacnikova, Lenka"]
[Result "0-1"]
[WhiteElo "1926"]
[BlackElo "2065"]
[PlyCount "90"]
[EventDate "2024.09.11"]
[WhiteTeam "Madagascar"]
[BlackTeam "Iceland"]
[WhiteTeamCountry "MAD"]
[BlackTeamCountry "ISL"]

1. e4 e5 2. Nf3 Nf6 3. Nxe5 Nxe4 4. Qe2 Qe7 5. Qxe4 d6 6. Nc3 dxe5 ({RR} 6... Qxe5 7. d4 Qxe4+ 8. Nxe4 d5 9. Ng3 Bd6 10. Bd3 O-O 11. O-O Re8 12. Bd2 c6 13. Rfe1 Bd7 14. Nf5 Bf8 15. Bf4 Rxe1+ 16. Rxe1 Be6 17. Nd6 Bxd6 18. Bxd6 Nd7 19. h3 Re8 20. f3 f6 21. Kf2 {1-0 Ghaem Maghami,E (2554)-Bezgodov,A (2482) Wch Blitz 7th 2013 (11)}) 7. Bc4 ({RR} 7. Bb5+ c6 8. Bc4 Nd7 9. O-O Nf6 10. Qe2 Be6 11. Bxe6 Qxe6 12. Re1 Bd6 13. Ne4 Nxe4 14. Qxe4 O-O-O 15. Qa4 Kb8 16. d4 Qg4 17. Be3 exd4 18. h3 Qd7 19. Qxd4 Bh2+ 20. Kxh2 Qxd4 21. Bxd4 Rxd4 {1-0 Hristodoulaki,A (1988)-Smieszek,W (2092) Titled Tue 16th Jul Late 2024 (3)}) 7... Nc6 8. O-O Bd7 9. a4 $146 ({RR} 9. Nd5 Qd6 10. c3 O-O-O 11. b4 g6 12. a4 Bg7 13. Ba3 Nb8 14. b5 f5 15. Bxd6 fxe4 16. Ne7# {1-0 Vegas Cortes,J (1716)-Paez Lancho,D (1809) Llinars del Valles op-B 8th 2014 (8)}) 9... f5 10. Qe1 O-O-O 11. d3 Qh4 12. Ne2 Bd6 13. f4 Bc5+ 14. Kh1 Qxe1 15. Rxe1 Rde8 16. Bd2 exf4 17. Nxf4 Nd4 18. Rxe8+ Rxe8 19. c3 Nc2 20. Rc1 Ne3 21. Bf7 Re7 22. d4 Bd6 23. Bxe3 Rxe3 24. Nd5 Re2 25. b3 c6 26. Nb4 Bf4 27. Rd1 Bd2 28. Bh5 Re7 29. Na2 Re3 30. c4 Rd3 31. Nb4 Rxd4 32. Nc2 Rh4 33. Bf3 Bf4 34. h3 Bg3 35. Kg1 Rh6 36. a5 Rd6 37. Rxd6 Bxd6 38. b4 Be5 39. Kf2 Kc7 40. Ke3 g6 41. Be2 c5 42. Bf3 Bc3 43. bxc5 Bxa5 44. Nd4 Bb4 45. c6 bxc6 0-1

[Event "Olympiad Women 2024"]
[Site "Budapest HUN"]
[Date "2024.09.15"]
[Round "5.45"]
[Board "2"]
[White "Johannsdottir, Johanna Bjorg"]
[Black "Raharimanana, Faratiana"]
[Result "1-0"]
[WhiteElo "2013"]
[BlackElo "1815"]
[PlyCount "77"]
[EventDate "2024.09.11"]
[WhiteTeam "Iceland"]
[BlackTeam "Madagascar"]
[WhiteTeamCountry "ISL"]
[BlackTeamCountry "MAD"]

1. e4 e5 2. Nf3 Nc6 3. Nc3 Be7 4. d4 d6 5. Bb5 exd4 6. Nxd4 Bd7 7. Nxc6 bxc6 8. Bc4 Nf6 9. O-O O-O 10. h3 Be6 11. Bd3 Nd7 12. f4 f6 $146 ({RR} 12... f5 13. exf5 Bxf5 14. Bxf5 Rxf5 15. Be3 Rf8 16. Qd3 Bf6 17. Rad1 d5 18. Bd4 Bxd4+ 19. Qxd4 Qf6 20. b3 Qxd4+ 21. Rxd4 Rae8 22. Ra4 Re3 23. Nd1 Re2 24. Rxa7 Rxc2 25. Rxc7 Nf6 26. a4 d4 27. b4 {1-0 Lin,B (2102)-Burke,P Titled Tue 9th Jan Late 2024 (1)}) 13. Be3 Qe8 14. Ne2 d5 15. Nd4 Bc5 16. Qf3 Nb6 17. Kh1 Bxd4 18. Bxd4 Qd7 19. f5 Bf7 20. e5 fxe5 21. Bxe5 c5 22. Qg3 Be8 23. f6 Rf7 24. Bf5 Qc6 25. fxg7 Qh6 26. Rf4 Rxf5 27. Rxf5 Bg6 28. Rf2 Nd7 29. Raf1 Re8 30. Bxc7 Qxg7 31. Qg5 d4 32. Qd5+ Kh8 33. Qg5 c4 34. h4 h6 35. Qg3 h5 36. Qg5 d3 37. Ba5 Kh7 38. Bc3 Qe7 39. Rf7+ 1-0

[Event "Olympiad Women 2024"]
[Site "Budapest HUN"]
[Date "2024.09.15"]
[Round "5.45"]
[Board "3"]
[White "Randriatsiferana, Dimbiharentsoa Christiana"]
[Black "Helgadottir, Idunn"]
[Result "1-0"]
[WhiteElo "1736"]
[BlackElo "1837"]
[PlyCount "67"]
[EventDate "2024.09.11"]
[WhiteTeam "Madagascar"]
[BlackTeam "Iceland"]
[WhiteTeamCountry "MAD"]
[BlackTeamCountry "ISL"]

1. e4 Nc6 2. Nf3 e5 3. d4 exd4 4. Bc4 Bc5 5. c3 dxc3 6. Bxf7+ Kxf7 7. Qd5+ Kf8 8. Qxc5+ d6 9. Qxc3 Qf6 10. O-O ({RR} 10. Qa3 Bg4 11. Bg5 Qg6 12. Nbd2 h6 13. Be3 Nf6 14. h3 Be6 15. e5 Nd5 16. exd6 Nxe3 17. fxe3 Qg3+ 18. Ke2 Qxg2+ 19. Kd3 Rd8 20. Rag1 Ne5+ 21. Nxe5 Qd5+ 22. Kc2 Bf5+ 23. e4 Bxe4+ 24. Nxe4 Qxe4+ {1-0 Budisavljevic,L (2481)-Papayan,O (2183) Titled Tue 10th Sep Late 2024 (2)}) 10... Bg4 11. Bg5 Qxc3 12. Nxc3 Bxf3 $146 ({RR} 12... h6 13. Bh4 Bxf3 14. gxf3 Nge7 15. Rac1 Rc8 16. f4 Ng6 17. Bg3 Kf7 18. f5 Nge5 19. f4 Nd3 20. Rcd1 Nxb2 21. Rb1 Nd3 22. Rxb7 Nc5 23. Rbb1 Rhe8 24. Rbe1 Nd4 25. Kg2 Rb8 26. Bf2 Rb2 27. Kg3 {1-0 Reitinger,P (2095)-Horak,J (2241) CZE-chT2b 0506 2005 (6)}) 13. gxf3 h6 14. Be3 Nf6 15. Rad1 a6 16. Bd4 Kf7 17. Rfe1 Rae8 18. f4 Rhf8 19. Bxf6 gxf6 20. Re3 Rg8+ 21. Rg3 f5 22. f3 Ne7 23. Kf2 Ng6 24. Rd5 Nh4 25. Rh3 Ng6 26. Rxf5+ Kg7 27. Nd5 Ref8 28. Rxf8 Rxf8 29. Rg3 Kh7 30. Ke3 c6 31. f5 Ne5 32. Nb6 Rf6 33. f4 Nf7 34. Nd7 1-0

[Event "Olympiad Women 2024"]
[Site "Budapest HUN"]
[Date "2024.09.15"]
[Round "5.45"]
[Board "4"]
[White "Briem, Gudrun Fanney"]
[Black "Tsinjoviniavo, Aina Mahasambatra"]
[Result "1-0"]
[WhiteElo "1764"]
[BlackElo "1662"]
[PlyCount "81"]
[EventDate "2024.09.11"]
[WhiteTeam "Iceland"]
[BlackTeam "Madagascar"]
[WhiteTeamCountry "ISL"]
[BlackTeamCountry "MAD"]

1. d4 d5 2. c4 c6 3. cxd5 cxd5 4. Bf4 Nc6 5. e3 Nf6 6. Nc3 a6 7. Nf3 Bg4 8. Be2 e6 9. Qb3 b5 ({RR} 9... Bxf3 10. Bxf3 Na5 11. Qd1 Bd6 12. Bg5 O-O 13. O-O h6 14. Bh4 Rc8 15. Rc1 b5 16. a4 b4 17. Nb1 g5 18. Bg3 Bxg3 19. hxg3 Qd7 20. Qd3 Rc6 21. Rc5 Nb7 22. Rc2 Rfc8 23. Rfc1 Nd6 24. b3 {½-½ Harikrishna,P (2726)-Tomashevsky,E (2695) Wch Blitz 8th 2014 (20)}) ({RR} 9... Bxf3 10. gxf3 Na5 11. Qa4+ Nc6 12. Qb3 Na5 13. Qa4+ Nc6 14. Qb3 Na5 15. Qa4+ {½-½ Deng,Y (1574)-Cui,W (1718) Chinese Youth G20 2024 (9.6)}) 10. h3 $146 ({RR} 10. Nxb5 e5 11. dxe5 Qa5+ 12. Kf1 axb5 13. Bxb5 Rc8 14. exf6 Bd7 15. Qxd5 gxf6 16. Nd4 Qb6 17. Rc1 {1-0 Menard,D (1926)-Kayembe,D (1772) Quebec-op U2000 2006 (6)}) ({RR} 10. Rc1 Na5 11. Qd1 Bd6 12. Ne5 Bxe2 13. Qxe2 O-O 14. O-O Rc8 15. Bg3 Nc4 16. b3 Nb6 17. a4 Ba3 18. Rc2 bxa4 19. Nxa4 Rxc2 20. Qxc2 Nxa4 21. bxa4 Ne4 22. Qd3 Nxg3 23. hxg3 Qd6 24. Rb1 Bb4 {1-0 Bai,M-Yu,X CHN-ch China 1987}) 10... Na5 11. Bxb5+ Nd7 12. Bxd7+ Qxd7 13. Qa4 Bxf3 14. gxf3 Nc4 15. b3 Nb2 16. Qxd7+ Kxd7 17. Kd2 Bb4 18. Rab1 Rhc8 19. Rhc1 Ba3 20. Rc2 Rc6 21. Rcxb2 Bxb2 22. Rxb2 Rac8 23. Na4 f6 24. Nc5+ Ke7 25. b4 g5 26. Bg3 Rg8 27. Rb3 Rb6 28. Kc3 h5 29. Ra3 Rc8 30. Kb3 Ra8 31. Ra5 f5 32. a4 Kf6 33. Nd7+ Kg6 34. Nxb6 Rg8 35. Rxa6 h4 36. Be5 Kh5 37. Nd7 Rg6 38. Nf6+ Kh6 39. Ra7 g4 40. Rh7+ Kg5 41. f4# 1-0

[Event "Olympiad Women 2024"]
[Site "Budapest HUN"]
[Date "2024.09.15"]
[Round "5.46"]
[Board "1"]
[White "Shohradova, Lala"]
[Black "Jop A., Laura Elizabeth"]
[Result "1-0"]
[WhiteElo "2030"]
[BlackElo "1686"]
[PlyCount "75"]
[EventDate "2024.09.11"]
[WhiteTeam "Turkmenistan"]
[BlackTeam "Guatemala"]
[WhiteTeamCountry "TKM"]
[BlackTeamCountry "GUA"]

1. d4 d5 2. c4 c6 3. Nc3 Nf6 4. Nf3 e6 5. Bg5 Be7 6. e3 h6 7. Bh4 Nbd7 8. cxd5 Nxd5 9. Bxe7 Qxe7 10. Bd3 ({RR} 10. Rc1 O-O 11. Qb3 e5 12. Nxd5 cxd5 13. Be2 e4 14. Nd2 Nf6 15. O-O Be6 16. Rc3 Rfc8 17. Rfc1 h5 18. Rxc8+ Rxc8 19. Rxc8+ Bxc8 20. Qc3 Qd8 21. Qa3 a5 22. Nb1 h4 23. h3 g5 {½-½ Gharamian,T (2656)-Guliyev,N (2557) Paris-ch op-FIDE 89th 2014 (4)}) 10... O-O 11. O-O Re8 $146 ({RR} 11... e5 12. Bc4 Nxc3 13. bxc3 b5 14. Bb3 e4 15. Nd2 Kh8 16. f3 exf3 17. Qxf3 Nf6 18. Rae1 Bb7 19. e4 Rae8 20. e5 Nd5 21. Bc2 Qg5 22. Ne4 Qh4 23. Nd6 Re7 24. Nf5 Qg5 25. h4 Qg6 26. Bb1 {1-0 Coto Aller,M-Mera Iglesias,C Asturias-ch Primera B 1993}) ({RR} 11... e5 12. Nxd5 cxd5 13. dxe5 Nxe5 14. Be2 Rd8 15. Nd4 Rd6 16. Qb3 h5 17. Rfe1 h4 18. h3 Be6 19. Nxe6 fxe6 20. Rac1 Rf8 21. f4 Nc6 22. Bg4 Kh8 23. e4 d4 24. e5 Rdd8 25. Re4 d3 26. Qxe6 {½-½ Anton Guijarro,D (2669)-Makarian,R (2525) CrunchLab Masters Div 3 W 2024 (1.1)}) 12. Qd2 b6 13. e4 N5f6 14. e5 Nd5 15. Ne4 c5 16. Nd6 Rd8 17. Be4 cxd4 18. Bxd5 exd5 19. Rfe1 Nc5 20. Nxd4 Bb7 21. N4f5 Qd7 22. Qf4 Ne6 23. Nxh6+ gxh6 24. Qxh6 d4 25. Ne4 Bxe4 26. Rxe4 Nf8 27. e6 Qd5 28. Rg4+ Ng6 29. exf7+ Kxf7 30. Qxg6+ Ke7 31. Qg7+ Kd6 32. Rxd4 Qxd4 33. Qxd4+ Kc6 34. Rc1+ Kb7 35. Qe4+ Ka6 36. h4 Rh8 37. Rc4 Rae8 38. Ra4+ 1-0